[Event "PAR-ch U20"]
[Site "Asuncion"]
[Date "2023.06.04"]
[Round "7"]
[White "Baez Gonzalez, Fabrizio Ismael"]
[Black "Da Ponte Vera, Giuseppe G"]
[Result "0-1"]
[WhiteElo "1421"]
[BlackElo "1385"]
[PlyCount "90"]
[EventDate "2023.06.02"]
[EventType "swiss"]
[EventRounds "7"]
[EventCountry "PAR"]
[SourceTitle "CBM 214 Extra"]
[Source "ChessBase"]
[SourceDate "2023.07.31"]
[SourceVersion "1"]
[SourceVersionDate "2023.07.31"]
[SourceQuality "1"]

1. e4 e5 2. Nf3 Nc6 3. Bc4 Bc5 4. 0-0 Nf6 5. d3 d6 6. c3 Na5 7. Bxf7+ Kxf7 8. b4 Bxb4 9. cxb4 Nc6 10. b5 Ne7 11. Ng5+ Ke8 12. f4 h6 13. Nf3 exf4 14. Bxf4 Ng6 15. Bg3 Rf8 16. Nc3 Be6 17. Nd4 Qd7 18. Qc2 Kd8 19. Rac1 b6 20. Nxe6+ Qxe6 21. Nd5 Nxd5 22. Rxf8+ Nxf8 23. exd5 Qd7 24. Qc6 Qxc6 25. dxc6 a6 26. bxa6 Rxa6 27. Rc2 Ne6 28. Bf2 Nf4 29. d4 Nd3 30. Rc3 Nxf2 31. Kxf2 Rxa2+ 32. Kf3 Rd2 33. Ra3 Rxd4 34. Ra8+ Ke7 35. Rc8 d5 36. Rxc7+ Kd6 37. Rxg7 Kxc6 38. Rg6+ Kc5 39. Rxh6 b5 40. g4 b4 41. g5 b3 42. g6 b2 43. g7 b1Q 44. g8Q Qf1+ 45. Ke3 Rd3# 0-1

[Event "PAR-ch U20"]
[Site "Asuncion"]
[Date "2023.06.03"]
[Round "3"]
[White "Baez Gonzalez, Fabrizio Ismael"]
[Black "Amarilla Ettiene, Ezequiel"]
[Result "0-1"]
[WhiteElo "1421"]
[BlackElo "1783"]
[PlyCount "72"]
[EventDate "2023.06.02"]
[EventType "swiss"]
[EventRounds "7"]
[EventCountry "PAR"]
[SourceTitle "CBM 214 Extra"]
[Source "ChessBase"]
[SourceDate "2023.07.31"]
[SourceVersion "1"]
[SourceVersionDate "2023.07.31"]
[SourceQuality "1"]

1. e4 c5 2. Nf3 e6 3. d4 cxd4 4. Nxd4 Nc6 5. Nc3 Qc7 6. g3 a6 7. a3 Nf6 8. Bg2 Be7 9. 0-0 0-0 10. Be3 d6 11. Nb3 b5 12. f4 Bb7 13. Qe2 Rfd8 14. Rad1 Rac8 15. Qf2 Nd7 16. f5 Nce5 17. Nd4 Ng4 18. Qe2 Nxe3 19. Qxe3 e5 20. Nb3 Nb6 21. Nd5 Bxd5 22. exd5 Nc4 23. Qc3 Qb6+ 24. Kh1 Ne3 25. Qa5 Qxa5 26. Nxa5 Nxf1 27. Bxf1 Rxc2 28. Nc6 Re8 29. b4 Bf6 30. Bd3 Ra2 31. Be4 Re2 32. Bd3 Re3 33. Bc2 e4 34. a4 Rc3 35. axb5 Rxc2 36. b6 e3 0-1

[Event "Asuncion zt 2.5"]
[Site "Asuncion"]
[Date "2023.03.11"]
[Round "9"]
[White "Munoz Orozco, Sashir Nicolas"]
[Black "Baez Gonzalez, Fabrizio Ismael"]
[Result "1-0"]
[WhiteElo "1594"]
[BlackElo "1370"]
[PlyCount "135"]
[EventDate "2023.03.05"]
[EventType "swiss"]
[EventRounds "9"]
[EventCountry "PAR"]
[SourceTitle "CBM 213 Extra"]
[Source "ChessBase"]
[SourceDate "2023.05.31"]
[SourceVersion "1"]
[SourceVersionDate "2023.05.31"]
[SourceQuality "1"]

1. c3 Nf6 2. Qc2 d5 3. d3 Bf5 4. Nf3 h6 5. h3 e6 6. Qb3 Qc8 7. Nbd2 Nbd7 8. g4 Bh7 9. Rg1 Nc5 10. Qd1 Bd6 11. Nh4 Qd7 12. Ndf3 g5 13. Ng2 Rg8 14. a4 e5 15. b4 Ne6 16. Be3 Nf4 17. Rh1 a6 18. Qb3 Kf8 19. d4 e4 20. Ne5 Nxg2+ 21. Bxg2 Qe7 22. Rd1 c6 23. b5 axb5 24. axb5 Bxe5 25. dxe5 Nd7 26. bxc6 bxc6 27. Qb7 Kg7 28. Qxc6 Rgc8 29. Qxd5 Nxe5 30. Bd4 f6 31. Bxe4 Rd8 32. Qb7 Qxb7 33. Bxb7 Ra2 34. Bxe5 Rxd1+ 35. Kxd1 fxe5 36. c4 e4 37. Rh2 Kf6 38. h4 gxh4 39. Rxh4 Kg5 40. Rh5+ Kxg4 41. Rxh6 Bf5 42. f3+ exf3 43. Bxf3+ Kf4 44. Rh8 Ke3 45. Re8+ Kd4 46. Bd5 Bd7 47. Re4+ Kc5 48. Ke1 Rb2 49. Kf2 Rb6 50. Ke3 Rf6 51. Rh4 Ba4 52. Rh8 Bd7 53. Rd8 Kd6 54. Kd4 Rf1 55. Be4 Rf4 56. Ke3 Rh4 57. Bd5 Kc7 58. Rg8 Kd6 59. Kd3 Kc5 60. Rg5 Kd6 61. Bf3 Kc7 62. Rg7 Kd6 63. c5+ Ke6 64. Bg4+ Kf6 65. Rxd7 Rxg4 66. c6 Rg8 67. Kd4 Ke6 68. Kc5 1-0

[Event "Asuncion zt 2.5"]
[Site "Asuncion"]
[Date "2023.03.09"]
[Round "7"]
[White "Vinales Gonzalez, Enzo Mathias"]
[Black "Baez Gonzalez, Fabrizio Ismael"]
[Result "0-1"]
[WhiteElo "1613"]
[BlackElo "1370"]
[PlyCount "78"]
[EventDate "2023.03.05"]
[EventType "swiss"]
[EventRounds "9"]
[EventCountry "PAR"]
[SourceTitle "CBM 213 Extra"]
[Source "ChessBase"]
[SourceDate "2023.05.31"]
[SourceVersion "1"]
[SourceVersionDate "2023.05.31"]
[SourceQuality "1"]

1. e4 c5 2. Nf3 d6 3. d4 cxd4 4. Nxd4 Nf6 5. Nc3 g6 6. Be3 Bg7 7. f3 Nc6 8. Qd2 Bd7 9. Bc4 a6 10. 0-0 0-0 11. Nd5 Nxd5 12. exd5 Nxd4 13. Bxd4 Bxd4+ 14. Qxd4 Rc8 15. Rae1 Re8 16. Bd3 Qc7 17. Kh1 Qc5 18. Qh4 Qxd5 19. Rxe7 Rxe7 20. Qxe7 Bb5 21. Be4 Qe6 22. Qxe6 fxe6 23. Rf2 d5 24. a4 Bxa4 25. Bd3 Rc5 26. b3 Bb5 27. b4 Rc3 28. Bxb5 axb5 29. Re2 Kf7 30. Kg1 Rc4 31. c3 Rxc3 32. Ra2 Kf6 33. Ra7 Rc7 34. Kf2 Ke5 35. Ra5 Kd4 36. Rxb5 e5 37. Ra5 Rc2+ 38. Kf1 Rb2 39. Rb5 Ke3 0-1

[Event "Asuncion zt 2.5"]
[Site "Asuncion"]
[Date "2023.03.08"]
[Round "5"]
[White "Baez Gonzalez, Fabrizio Ismael"]
[Black "Riquelme, Andres"]
[Result "0-1"]
[WhiteElo "1370"]
[BlackElo "1653"]
[PlyCount "112"]
[EventDate "2023.03.05"]
[EventType "swiss"]
[EventRounds "9"]
[EventCountry "PAR"]
[SourceTitle "CBM 213 Extra"]
[Source "ChessBase"]
[SourceDate "2023.05.31"]
[SourceVersion "1"]
[SourceVersionDate "2023.05.31"]
[SourceQuality "1"]

1. e4 e5 2. Nf3 Nc6 3. Bc4 Nf6 4. d3 Be7 5. a3 0-0 6. 0-0 d6 7. h3 Bd7 8. Be3 Qc8 9. Nbd2 Be6 10. Re1 Na5 11. Ba2 Bxa2 12. Rxa2 Qe6 13. Ra1 Rfe8 14. Nf1 Bf8 15. Ng3 c5 16. Ng5 Qd7 17. Nh5 Qe7 18. Bd2 Nc6 19. c3 h6 20. Nxf6+ Qxf6 21. Nf3 Ne7 22. Nh2 Qh4 23. Qg4 Qxg4 24. Nxg4 f5 25. exf5 Nxf5 26. Re4 b5 27. Rae1 h5 28. Nh2 g6 29. Nf3 Bg7 30. d4 d5 31. R4e2 e4 32. dxc5 Rec8 33. Ng5 Rxc5 34. f3 Ng3 35. Rf2 Re8 36. Kh2 h4 37. Be3 Rc7 38. Bf4 Rd7 39. fxe4 dxe4 40. Bxg3 hxg3+ 41. Kxg3 Rd3+ 42. Kh2 Be5+ 43. Kh1 Bg3 44. Rfe2 Bxe1 45. Rxe1 e3 46. Nf3 a6 47. Kg1 Kg7 48. g3 Kf6 49. Kg2 g5 50. Kf1 Kf5 51. Ke2 Red8 52. Nd4+ Ke4 53. Nf3 Rd2+ 54. Nxd2+ Rxd2+ 55. Kf1 Kf3 56. g4 e2+ 0-1